| 000 | 00383nam a22001457a 4500 | ||
|---|---|---|---|
| 020 | _qPB. | ||
| 040 | _cFIZZA ISHAQ | ||
| 082 |
_a332.076 _bCFA |
||
| 100 |
_aPROGRAM,CFA. _9134028 |
||
| 245 |
_aFINANCIAL REPORTING AND ANALYSIS / _cCFA PROGRAM. |
||
| 250 | _a2ND ED. | ||
| 260 |
_aNEW YORK ; _bPEARSON CUSTOM PUBLISHING, _c2010. |
||
| 300 |
_a363 P. ; _c11.2X8.8IN |
||
| 942 |
_2ddc _cBK |
||
| 999 |
_c616953 _d616953 |
||